Железисто-кремнистые формации Украинского щита: в двух томах

Bibliografiske detaljer
Institution som forfatter: Академия наук Украинской ССР Институт геохимии и физики минералов (570)
Sprog:russisk
Udgivet: Киев, Наукова думка, 1978
Format: Bog
KOHA link:https://koha.lib.tpu.ru/cgi-bin/koha/opac-detail.pl?biblionumber=677764

MARC

LEADER 00000nam1a2200000 4500
001 677764
005 20241220123827.0
090 |a 677764 
100 |a 20241220d1978 k||y0rusy50 ca 
101 0 |a rus 
102 |a UA 
200 1 |a Железисто-кремнистые формации Украинского щита  |e  в двух томах  |f Институт геохимии и физики минералов АН Украинской ССР 
210 |a Киев  |c Наукова думка  |d 1978 
712 0 2 |a Академия наук Украинской ССР  |b Институт геохимии и физики минералов  |c Киев  |c 1969-1993  |4 570  |9 25770 
801 0 |a RU  |b 63413507  |c 20241220 
830 |a Ретро2024Каталогизация Шило 
850 |a 63413507 
942 |c BK